<The> Possibilities of solving unemployment of workers in agriculture and construction

Potenciálne riešenie nezamestnanosti sezónnych pracovníkov z poľnohospodárstva a stavebníctva, t.j. v odvetviach, pre ktoré je sezónnosť práce typická. Návrh úhrady mzdových nákladov a príslušných odvodov z prostriedkov Národného úradu práce počas zimnej sezóny. Adresátom týchto mzdových kompenzícií...

Ausführliche Beschreibung

Gespeichert in:
Bibliographische Detailangaben
1. Verfasser: Buchta, Stanislav
Format: Buchkapitel
Sprache:Englisch
Schlagworte:
Tags: Tag hinzufügen
Keine Tags, Fügen Sie das erste Tag hinzu!

MARC

LEADER 00000naa$a2200000$$$4500
001 0002352
005 20231004092024.6
041 0 |a eng 
044 |a CZ 
245 1 0 |a <The> Possibilities of solving unemployment of workers in agriculture and construction  |c aut. Stanislav Buchta 
520 |a Potenciálne riešenie nezamestnanosti sezónnych pracovníkov z poľnohospodárstva a stavebníctva, t.j. v odvetviach, pre ktoré je sezónnosť práce typická. Návrh úhrady mzdových nákladov a príslušných odvodov z prostriedkov Národného úradu práce počas zimnej sezóny. Adresátom týchto mzdových kompenzícií by boli zamestnávateľské subjekty, ktoré by zamestnávali týchto zamestnancov počas vegetačného kľudu alebo zimnej sezóny. Tieto udržiavacie mzdy by kompenzovali podporu v nezamestnanosti, ktorí títo pracovníci počas svojej nezamestnanosti poberajú. 
610 2 0 |a nezamestnanosť 
610 2 0 |a sezónnosť 
610 2 0 |a pracovníci sezónni 
610 2 0 |a stavebníctvo 
610 2 0 |a poľnohospodárstvo 
610 2 0 |a náklady mzdové 
610 2 0 |a podpory v nezamestnanosti 
610 2 0 |a zamestnávatelia 
100 1 |a Buchta, Stanislav